000 00311nam a2200121Ia 4500
008 190216s9999||||xx |||||||||||||| ||und||
100 _aShrivastava O S
245 0 _aEconomics Of Growth Devlopment And Planning
260 _bVikas Publishing House
_c1996
300 _a672p
650 _aEconomics
942 _cBK
999 _c10283
_d10283